000
00300nam a2200121Ia 4500
005
20251222153523.0
008
251222s9999||||xx |||||||||||||| ||spa||
020
_a
8487054110
082
_a
610/L633
245
0
_a
Alteraciones Fisiopatológicas en el Hipertenso:
250
_a
1ra. ed.
942
_c
LIB
999
_c
29781
_d
29781